书目信息 |
| 题名: |
画年
|
|
| 作者: | 唐英超 著 | |
| 分册: | 上册 | |
| 出版信息: | 北京 大众文艺出版社 2008.11 |
|
| 页数: | 673页 | |
| 开本: | 20cm | |
| 丛书名: | ||
| 单 册: | ||
| 中图分类: | I247.5 | |
| 科图分类: | ||
| 主题词: | 小说--中国 | |
| 电子资源: | ||
| ISBN: | 978-7-80240-052-8 | |
| 000 | 00591nam0 2200217 45 | |
| 001 | 0934773907 | |
| 005 | 20091101094019.59 | |
| 010 | @a978-7-80240-052-8@dCNY39.00 | |
| 100 | @a20090515d2008 ekmy0 y0120 ea | |
| 102 | @aCN@b110000 | |
| 102 | @aCN@b130000 | |
| 105 | @ay z 000yy | |
| 200 | 1 | @a画年@Ahua nian@h上册@f唐英超 著@Ftang ying chao zhu |
| 210 | @a北京@c大众文艺出版社@d2008.11 | |
| 215 | @a673页@d20cm | |
| 606 | 0 | @a小说@x中国 |
| 690 | @aI247.5@v4 | |
| 701 | 0 | @a唐英超@Atang ying chao@4著 |
| 801 | 0 | @aCN@c20091101 |
| 905 | @a10447@dI247.5@eT2701:1 | |
| 906 | @d78@n3@r1 | |
| 画年.上册/唐英超 著.-北京:大众文艺出版社,2008.11 |
| 673页;20cm |
| ISBN 978-7-80240-052-8:CNY39.00 |
| ● |
| 相关链接 |
|
|
|
正题名:画年
索取号:I247.5/T2701:1
 
预约/预借
| 序号 | 登录号 | 条形码 | 馆藏地/架位号 | 状态 | 备注 |
| 1 | 894251 | 208942518 | 文学库108/108文学库 36排9列3层/ [索取号:I247.5/T2701:1] | 在馆 | |
| 2 | 894252 | 208942527 | 文学库108/108文学库 36排9列3层/ [索取号:I247.5/T2701:1] | 在馆 |